Моделирование процессов, протекающих в оксидно-силикатных системах при воздействии плазмы, с целью улучшения качества покрытий; Стекло и керамика; № 2

Podrobná bibliografie
Parent link:Стекло и керамика: научно-технический и производственный журнал/ Российский химико-технологический университет им. Д. И. Менделеева (РХТУ).— , 1948-.— 0131-9582
№ 2.— 2004.— С. 25-28, 35
Další autoři: Отмахов В. И., Верещагин В. И. Владимир Иванович, Мокроусов Г. М., Абакумова Е. П.
Shrnutí:Промоделированы высокотемпературные физико-химические процессы, протекающие в огнеупорных материалах и стеклообразных покрытиях на строительных изделиях при воздействии высококонцентрированных потоков плазмы. В качестве огнеупорных материалов выбраны бакоры и покрытия на их основе, полученные методом плазменно-дуговой плавки и напыления с целью восстановления прокорродировавших блоков стекловаренных печей. Исследования выполнены с помощью плазмотронов, используемых в практике аналитической химии при осуществлении атомно-эмиссионного анализа. Выбор этих источников обусловлен более простой методологией изучения взаимодействия плазмы с поверхностью твердого материала. Для уточнения выявленных высокотемпературных механизмов проведено термодинамическое моделирование с помощью программного комплекса "Астра"
Jazyk:ruština
Vydáno: 2004
Témata:
Médium: MixedMaterials Kapitola
KOHA link:https://koha.lib.tpu.ru/cgi-bin/koha/opac-detail.pl?biblionumber=434153

MARC

LEADER 00000naa2a2200000 4500
001 434153
005 20240209122040.0
035 |a (RuTPU)RU\TPU\prd\95121 
035 |a RU\TPU\prd\85362 
090 |a 434153 
100 |a 20110117a2004 k y0rusy50 ca 
101 0 |a rus 
102 |a RU 
200 1 |a Моделирование процессов, протекающих в оксидно-силикатных системах при воздействии плазмы, с целью улучшения качества покрытий  |f В. И. Отмахов [и др.] 
330 |a Промоделированы высокотемпературные физико-химические процессы, протекающие в огнеупорных материалах и стеклообразных покрытиях на строительных изделиях при воздействии высококонцентрированных потоков плазмы. В качестве огнеупорных материалов выбраны бакоры и покрытия на их основе, полученные методом плазменно-дуговой плавки и напыления с целью восстановления прокорродировавших блоков стекловаренных печей. Исследования выполнены с помощью плазмотронов, используемых в практике аналитической химии при осуществлении атомно-эмиссионного анализа. Выбор этих источников обусловлен более простой методологией изучения взаимодействия плазмы с поверхностью твердого материала. Для уточнения выявленных высокотемпературных механизмов проведено термодинамическое моделирование с помощью программного комплекса "Астра" 
461 1 |0 (RuTPU)RU\TPU\prd\1726  |x 0131-9582  |t Стекло и керамика  |o научно-технический и производственный журнал  |f Российский химико-технологический университет им. Д. И. Менделеева (РХТУ)  |d 1948- 
463 1 |0 (RuTPU)RU\TPU\prd\95120  |t № 2  |v С. 25-28, 35  |d 2004 
610 1 |a труды учёных ТПУ 
701 1 |a Отмахов  |b В. И. 
701 1 |a Верещагин  |b В. И.  |c химик-технолог  |c профессор Томского политехнического университета, доктор технических наук  |f 1942-  |g Владимир Иванович  |3 (RuTPU)RU\TPU\pers\19774  |9 7712 
701 1 |a Мокроусов  |b Г. М. 
701 1 |a Абакумова  |b Е. П. 
801 1 |a RU  |b 63413507  |c 20100712 
801 2 |a RU  |b 63413507  |c 20111013  |g RCR 
942 |c BK